| 000 | 00600nam a22002177a 4500 | ||
|---|---|---|---|
| 003 | OSt | ||
| 005 | 20140310183100.0 | ||
| 008 | 130301t xxu||||| |||| 00| 0 eng d | ||
| 020 | _a09710606557 | ||
| 050 |
_aLB 1050.5 _b.V715 1987 |
||
| 082 |
_aFIL 428.4 _bV71 1987 |
||
| 245 |
_aDevelopmental reading _cVillamin, Araceli M. , Evelyn S. Salazar, Wilhelmina Gatmaitan. |
||
| 260 |
_aQuezon City : _bPhoenix Pub., _c1987 |
||
| 300 |
_a179 p _c24 cm |
||
| 521 | _acollege students | ||
| 526 | _c1210L-1700L | ||
| 541 | _j1 | ||
| 541 | _j2 | ||
| 562 | _e2 | ||
| 942 |
_2lcc _cBK _kFIL |
||
| 999 |
_c18724 _d18724 |
||